| 000 | 05265nkm0a2200697 4500 | ||
|---|---|---|---|
| 001 | RU\NLR\BIBL_A\022629572 | ||
| 005 | 20260204000000.0 | ||
| 035 | _a(NLR Aleph) 022629572 | ||
| 071 | 5 | 0 |
_a29 _d8 коп. |
| 090 |
_a89055 _c89055 |
||
| 100 | _a20250924d1944 u y0rusy50 ca | ||
| 101 | 0 | _arus | |
| 102 | _aRU | ||
| 116 | _adiycxx bk ae | ||
| 135 | _acrcn 024anaba | ||
| 181 | 0 |
_ab4 _bxb2e |
|
| 182 | 0 | _an | |
| 200 | 1 |
_aСалют _eС каждым днём настойчивей, победней Залпы орудийные в Кремле ... С. Маршак _fрис. В. Бибикова _e[закрытое письмо] |
|
| 203 |
_aИзображение _bнеподвижное _bдвухмерное _bвизуальное _cнепосредственное |
||
| 210 |
_a[Москва] _c"Советский график" по заказу Московской конторы Главбумсбыта _d[1944] _eМосква _g3-я типография "Красный пролетарий" |
||
| 215 |
_a1 л. (слож. вдвое, 12 строк текста) _cцв. цинкогр. _d20,2х15 (10,8х15) |
||
| 300 | _aНа закрытом письме также текст: Смерть немецким захватчикам! | ||
| 300 | _aЗаказчик - Московская контора Главного управления по сбыту продукции целлюлозно-бумажной промышленности Народного комиссариата целлюлозной и бумажной промышленности | ||
| 300 | _aЦенз. разрешение: Л-48721 | ||
| 300 | _aВ вып. дан.: Зак. № 315 | ||
| 300 | _aСтихотворение С. Я. Маршака "Салют" напечатано в газете "Правда" 18 сентября 1943 г. | ||
| 301 | _aИзд. номер: № 29 | ||
| 309 | _aДвойной формуляр, без клеевой полосы | ||
| 325 | _aКопия доступна в Электрон. б-ке РНБ | ||
| 327 | 0 | _aФейерверк в небе над Московским Кремлем. Вид на Кремль от Большого Каменного моста (Боровицкая, Водовзводная, Благовещенская и другие башни, Оружейная палата, Большой Кремлевский дворец); на первом плане "Дом правительства" на Берсеневской набережной | |
| 601 | 0 | 2 |
_aКремль _cМосква, город _jОткрытки _2nlr_sh1 _3RU\NLR\AUTH\6646065 |
| 606 | 1 |
_aПочтовые открытки маркированные художественные _yСССР _z1941 - 1945 _2nlr_sh2 _3RU\NLR\AUTH\661531868 |
|
| 606 | 1 |
_aФейерверки _jОткрытки _2nlr_sh1 _2nlr_sh2 _3RU\NLR\AUTH\661234270 |
|
| 607 |
_aМосква, город _jОткрытки _2nlr_sh1 _2nlr_sh2 _3RU\NLR\AUTH\66160741 |
||
| 610 | 1 | _aЗакрытые письма | |
| 610 | 1 | _aВидовые открытки | |
| 617 |
_aСССР _bРСФСР _cМосковская область _dМосква, город _eКремль |
||
| 617 |
_aСССР _bРСФСР _cМосковская область _dМосква, город _eБольшой Каменный мост |
||
| 617 |
_aСССР _bРСФСР _cМосковская область _dМосква, город _e"Дом правительства" _kБерсеневская набережная |
||
| 686 | 1 | _aЩ153(2)7-489 | |
| 700 | 1 |
_aБибиков _bВ. С. _f1903-1972 _gВиктор Сергеевич _4040 |
|
| 702 | 1 |
_aМаршак _bС. Я. _f1887-1964 _gСамуил Яковлевич _3RU\NLR\AUTH\774792 _4072 |
|
| 712 | 0 | 1 |
_aСССР _bГлавное управление по сбыту продукции целлюлозно-бумажной промышленности _bМосковская контора _3RU\NLR\AUTH\880618212 _4570 |
| 712 | 0 | 2 |
_a"Советский график", всероссийское товарищество художников-графиков _3RU\NLR\AUTH\880618204 _4650 |
| 712 | 0 | 2 |
_a"Красный пролетарий", типография _cМосква _3RU\NLR\AUTH\8810047271 _4610 |
| 830 | _aКомплекс "Дома правительства": https://opendata.mkrf.ru/opendata/7705851331-egrkn/63/511494 (24.09.2025). АЯ ОЭФ | ||
| 830 | _aДатировка: ср. БЗ 022628838, 022629061. АЯ ОЭФ | ||
| 830 | _a"Салют": https://opac.nekrasovka.ru/books/NEWSPAPERS/PRAVDA/1943/PRAVDA_1943_232.pdf. С. 2. (23.09.2025). АЯ ОЭФ | ||
| 852 | 0 | 0 |
_aNLR _bЭ _jО-ЗП-3/1944-Б _mЭот101004 |
| 856 | 0 | _uhttps://vivaldi.nlr.ru/lo500003981/view | |
| 856 | 1 | _uhttps://vivaldi.nlr.ru/lo500003981/cover | |
| 856 | 2 | _uhttps://vivaldi.nlr.ru/lo500003981/text | |
| 942 | _cVISUAL | ||
| 945 | _aРоссийская национальная библиотека | ||
| 980 | _aNB | ||
| 980 | _aBV | ||
| 981 | 1 | 7 |
_a(17) Изографические материалы _b(17) Открытки |